LEADER 01076nam0 2200253 450 001 000023291 005 20090219140807.0 100 $a20090219d1996----km-y0itay50------ba 101 0 $aeng 105 $aa-------101yy 200 1 $aProceedings of the 9th International Technical meeting of the Satellite Division of the Institute of Navigation$eION GPS-96$eSept. 17-20, 1996, Kansas City Convention Center, Kansas City, Missuri 210 $aAlexandria$cInstitute of Navigation$d1996 215 $a2 v.$cill.$d28 cm 500 10$aION GPS-96$946414 610 1 $aGeodesia astronomica 676 $a526.6$v20$9Astronomia geodetica e posizionale 710 12$aInternational Technical meeting of the Satellite Division of the Institute of Navigation$d<9. ;$f1996 ;$eKansas City, Missuri>$0633085 712 02$aInstitute of Navigation :$bSatellite Division 801 0$aIT$bUNIPARTHENOPE$c200900218$gRICA$2UNIMARC 912 $a000023291 951 $aS 526.6/39$bS C, 742$cDSA$d2009 951 $aS 526.6/40$bS C, 743$cDSA$d2009 996 $aION GPS-96$946414 997 $aUNIPARTHENOPE